000 00442nam a22001697a 4500
003 MPLRDC
005 20220104145357.0
008 210129b ||||| |||| 00| 0 eng d
082 _a308.9 HHBS-2 v.3
100 _a白云等编
245 _a昆虫王国历险
_c
260 _a
_b人民书局有限公司
_c
300 _b
490 _a哈哈博士科学连环画库
650 _a儿童用科学丛书
942 _cBK
_o308.9 HHBS-2 v.3
999 _c51285
_d51275